| 000 | 00579nam a22002057a 4500 | ||
|---|---|---|---|
| 001 | 417 | ||
| 003 | BD-RjUL | ||
| 005 | 20211208233156.0 | ||
| 008 | 131118s1965 enk||||| |||| 00| 0 eng | ||
| 035 | _a(BD-RjUL) 434 | ||
| 040 |
_aBD-RjUL _beng _cBD-RjUL |
||
| 041 | _aeng | ||
| 082 | 0 | 0 |
_a020 _bINT 1965 |
| 245 | 0 | 4 |
_aThe intellectual foundations of library education / _cEdited by Don R Swanson. |
| 260 |
_aLondon: _bThe University of Chicago Press, _c1965. |
||
| 300 |
_a98 p. ; _c25 cm. |
||
| 650 | 0 |
_aLibrary science. _91297 |
|
| 700 |
_aSwanson, Don R. _91298 |
||
| 942 |
_2ddc _cBK |
||
| 999 |
_c417 _d417 |
||